| 000 | 01309nam a22003497a 4500 | ||
|---|---|---|---|
| 001 | 1086351 | ||
| 003 | OSt | ||
| 005 | 20210426111239.0 | ||
| 008 | 920212s1992 nyua b 001 0beng | ||
| 010 | _a 92005245 | ||
| 020 |
_a0671456547 : _c$30.00 |
||
| 040 |
_aDLC _cDLC _dDLC |
||
| 043 | _an-us--- | ||
| 050 | 0 | 0 |
_aE814 _b.M26 1992 |
| 080 |
_a92 _bM-44 |
||
| 082 | 0 | 0 |
_a973.918/092 _aB _220 |
| 100 | 1 | _aMcCullough, David G. | |
| 245 | 1 | 0 |
_aTruman / _cDavid McCullough. |
| 260 |
_aNew York : _bSimon & Schuster, _cc1992. |
||
| 300 |
_a1117 p. : _bill. ; _c25 cm. |
||
| 365 | _e30.00 USD | ||
| 504 | _aIncludes bibliographical references (p. 1058-1082) and index. | ||
| 600 | 1 | 0 |
_aTruman, Harry S., _d1884-1972. |
| 650 | 0 |
_aPresidents _zUnited States _vBiography. |
|
| 653 | _aბიოგრაფია | ||
| 856 | 4 | 2 |
_3Contributor biographical information _uhttp://www.loc.gov/catdir/enhancements/fy0903/92005245-b.html |
| 856 | 4 | 2 |
_3Publisher description _uhttp://www.loc.gov/catdir/enhancements/fy1106/92005245-d.html |
| 856 | 4 | 1 |
_3Sample text _uhttp://www.loc.gov/catdir/enhancements/fy1304/92005245-s.html |
| 906 |
_a7 _bcbc _corignew _d1 _eocip _f19 _gy-gencatlg |
||
| 942 |
_2udc _cBK |
||
| 999 |
_c956 _d956 |
||